Pengantar asas statistik

Bibliographic Details
Main Author: Elzey, Freeman F.
Other Authors: Mohamad Hj. Yusuf, Rustam A. Sani
Format: Book
Published: Kuala Lumpur : Dewan Bahasa dan Pustaka , 1983
Subjects:

MARC

LEADER 00000cam a2200000 7i4500
001 0000000512
005 20030124.0
040 |a INS 
090 0 0 |a HA29.   |b E49 1983 
100 1 |a Elzey, Freeman F. 
245 1 0 |a Pengantar asas statistik   |c Freeman F. Elzey terjemahan oleh Rustam A. Sani dan Mohamad Haji Yusuf 
260 |a Kuala Lumpur :   |b Dewan Bahasa dan Pustaka ,   |c 1983 
300 |a vii, 76 m.s. ;   |c 22 cm. 
500 |a Judul Bahasa Inggeris "A first reader in statistics" 
650 0 0 |a Statistic 
700 0 |a Mohamad Hj. Yusuf 
700 0 |a Rustam A. Sani 
999 |a 0000002447   |b BOOK   |c Open Shelf   |e Default branch